| 000 | 00966namaa2200217 i 4500 | ||
|---|---|---|---|
| 001 | 174347 | ||
| 003 | ES-MaACL | ||
| 005 | 20250815105710.0 | ||
| 008 | 100406s1920 sp | |||| ||spa d | ||
| 080 | _a591.3 | ||
| 100 | 1 |
_aBordás, Manuel. _9142451 |
|
| 245 | 1 | 0 |
_aEstudio de la ovogénesis en la Sagitta bipunctata, Quoy et Gaim / _cpor Manuel Bordás. |
| 260 |
_aMadrid : _bJunta para Ampliación de Estudios e Investigaciones Científicas, _c1920 ( _fImp. y Lib. de Nicolás Moya) |
||
| 300 |
_a119 p. : _bil. ; _c23 cm. |
||
| 490 | 1 |
_aTrabajos del Museo Nacional de Ciencias Naturales. Serie zoológica ; _v42 |
|
| 650 |
_aQuetognatos- _xReproducción. _9142452 |
||
| 710 | 2 |
_aJunta para la Ampliación de Estudios e Investigaciones Científicas. _95413 |
|
| 830 | 0 | 0 |
_aTrabajos del Museo Nacional de Ciencias Naturales. _pSerie zoológica _v42 _9189348 |
| 852 |
_aES-MaACL _jB-13152(3) _z.- Encuadernado con otras obras |
||
| 999 |
_c174347 _d174347 |
||